[Event "Capital of Sibiria op"]
[Site "Novosibirsk"]
[Date "2002.07.20"]
[Round "2"]
[White "Zhukov, Alexander"]
[Black "Polyakevich, Stanislav Georgievi"]
[Result "0-1"]
[WhiteElo "2139"]
[BlackElo "2286"]
[PlyCount "68"]
[EventDate "2002.07.19"]
[EventType "swiss"]
[EventRounds "9"]
[EventCountry "RUS"]
[SourceTitle "CBM 089 Extra"]
[Source "ChessBase"]
[SourceDate "2002.09.10"]
[SourceVersion "2"]
[SourceVersionDate "2002.09.10"]
[SourceQuality "1"]

1. e4 c5 2. Nf3 Nf6 3. Nc3 d5 4. exd5 Nxd5 5. Bc4 Nb6 6. Bb5+ Bd7 7. Bxd7+ Qxd7 8. d4 e6 9. Be3 Nc4 10. Ne5 Nxe5 11. dxe5 Qc6 12. Qe2 Nd7 13. Bf4 Be7 14. 0-0 0-0 15. Rfe1 Rfd8 16. Qg4 Nf8 17. Rad1 Rd4 18. Ne2 Rxd1 19. Rxd1 Qe4 20. Rd2 Rd8 21. f3 Qb4 22. c3 Qb6 23. Rxd8 Qxd8 24. Bc1 Qd5 25. f4 Qxa2 26. Qf3 Qb3 27. g4 Qc2 28. f5 c4 29. Be3 Qxb2 30. f6 gxf6 31. exf6 Bd6 32. Bxa7 Qa1+ 33. Kg2 Qxa7 34. Nd4 Qa2+ 0-1